书目信息 |
| 题名: |
2006·中国产业发展报告
|
|
| 作者: | 冯飞 , 杨建龙 主编 ;国务院发展研究中心产业经济研究部 主持编撰 | |
| 分册: | ||
| 出版信息: | 北京 华夏出版社 2006.07 |
|
| 页数: | 311页 | |
| 开本: | 23cm | |
| 丛书名: | ||
| 单 册: | ||
| 中图分类: | F121.3 | |
| 科图分类: | ||
| 主题词: | 产业--chan ye--经济发展--研究报告--中国--2006 | |
| 电子资源: | ||
| ISBN: | 7-5080-3978-5 | |
| 000 | 01302nam0 2200277 450 | |
| 001 | 012007486359 | |
| 005 | 20071008145913.57 | |
| 010 | @a7-5080-3978-5@dCNY58.00 | |
| 100 | @a20070807d2006 km y0chiy0120 ea | |
| 101 | 0 | @achi |
| 102 | @aCN@b110000 | |
| 105 | @aak a 000yy | |
| 200 | 1 | @a2006·中国产业发展报告@A2006·zhong guo chan ye fa zhan bao gao@f冯飞, 杨建龙主编@Ffeng fei,yang jian long zhu bian@g国务院发展研究中心产业经济研究部主持编撰@Gguo wu yuan fa zhan yan jiu zhong xin chan ye jing ji yan jiu bu zhu chi bian zhuan |
| 210 | @a北京@c华夏出版社@d2006.07 | |
| 215 | @a311页@c图@d23cm | |
| 320 | @a有书目 (第310-311页)。 | |
| 330 | @a本书主要介绍了“中国产业发展跟踪研究”是国务院发展研究中心主持的一项长期的大型研究项目,是高层次、权威性、深度研究与实际应用有机结合、在国内处于领先水平的研究项目。 | |
| 517 | 1 | @a中国产业发展报告@Azhong guo chan ye fa zhan bao gao |
| 540 | 1 | @a2006中国产业发展报告@A2006 zhong guo chan ye fa zhan bao gao |
| 606 | 0 | @a产业@Achan ye@x经济发展@x研究报告@y中国@z2006 |
| 690 | @aF121.3@v4 | |
| 701 | 0 | @a冯飞@Afeng fei@4主编 |
| 701 | 0 | @a杨建龙@Ayang jian long@4主编 |
| 712 | 02 | @a国务院发展研究中心产业经济研究部@Aguo wu yuan fa zhan yan jiu zhong xin chan ye jing ji yan jiu bu@4主持编撰 |
| 801 | 0 | @aCN@c20071008 |
| 905 | @dF121.3@eF443 | |
| 2006·中国产业发展报告/冯飞, 杨建龙主编/国务院发展研究中心产业经济研究部主持编撰.-北京:华夏出版社,2006.07 |
| 311页:图;23cm |
| ISBN 7-5080-3978-5:CNY58.00 |
| 本书主要介绍了“中国产业发展跟踪研究”是国务院发展研究中心主持的一项长期的大型研究项目,是高层次、权威性、深度研究与实际应用有机结合、在国内处于领先水平的研究项目。 |
| ● |
| 相关链接 |
|
|
|
正题名:2006·中国产业发展报告
索取号:F121.3/F443
 
预约/预借
| 序号 | 登录号 | 条形码 | 馆藏地/架位号 | 状态 | 备注 |
| 1 | 251299 | 202512995 | 社科二线422/409社科库 68排3列4层/ [索取号:F121.3/F443] | 在馆 | |
| 2 | 251300 | 202513002 | 社科库409/409社科库 68排3列4层/ [索取号:F121.3/F443] | 在馆 | |
| 3 | 251301 | 202513011 | 社科二线422/409社科库 68排3列4层/ [索取号:F121.3/F443] | 在馆 |